English for general competitions / (Record no. 158642)

MARC details
000 -LEADER
fixed length control field 00706nam a22002057a 4500
005 - DATE AND TIME OF LATEST TRANSACTION
control field 20181110154423.0
010 ## - LCCN (DPL NO)
LC control number B-712822
020 ## - INTERNATIONAL STANDARD BOOK NUMBER
International Standard Book Number 9788193254516
Terms of availability 450.00
035 ## - SYSTEM CONTROL NUMBER
System control number B-712822
037 ## - SOURCE OF ACQUISITION
Source of stock number/acquisition RK Books
082 ## - DEWEY DECIMAL CLASSIFICATION NUMBER
Classification number 485
100 ## - MAIN ENTRY--PERSONAL NAME
Personal name SIngh, Neetu
245 ## - TITLE STATEMENT
Title English for general competitions /
Statement of responsibility, etc by Neetu Singh
250 ## - EDITION STATEMENT
Edition statement Rev. 2017
260 ## - PUBLICATION, DISTRIBUTION, ETC. (IMPRINT)
Place of publication, distribution, etc New Delhi
Name of publisher, distributor, etc KD Publications
Date of publication, distribution, etc 2017
270 ## - ADDRESS
Address 701, 2nd Floor, Dr. Mukherjee Nagar
City Delhi
Postal code 110009
300 ## - PHYSICAL DESCRIPTION
Extent 495p.
Other physical details 24cm (pbk)
942 ## - ADDED ENTRY ELEMENTS (KOHA)
Source of classification or shelving scheme Dewey Decimal Classification
Item type English Books
Classification part 485
Call number suffix SIN
Holdings
Withdrawn status Lost status Not for loan Collection code Home library Current library Date acquired Source of acquisition Cost, normal purchase price Full call number Barcode Copy number Cost, replacement price Koha item type
      Non-fiction Ashok Vihar Ashok Vihar 10/11/2018 RK Books/IN1965/18-19/18-10-18/536/15-10-18/31-10-18 450.00 485 SIN B-712822 1 450.00 English Books

© Delhi Public Library
Hit Counter
free hit counter